Electrical Measurements & measuring instruments (Record no. 13742)

000 -LEADER
fixed length control field 00330nam a22001337a 4500
020 ## - INTERNATIONAL STANDARD BOOK NUMBER
International Standard Book Number 8174090398
082 ## - DEWEY DECIMAL CLASSIFICATION NUMBER
Classification number 621.37 PRA
100 ## - MAIN ENTRY--PERSONAL NAME
Personal name Rajendra Prasad
245 ## - TITLE STATEMENT
Title Electrical Measurements & measuring instruments
260 ## - PUBLICATION, DISTRIBUTION, ETC.
Place of publication, distribution, etc. Delhi
Name of publisher, distributor, etc. Khanna Publishers
Date of publication, distribution, etc. 2015
300 ## - PHYSICAL DESCRIPTION
Extent 1027p.
650 ## - SUBJECT ADDED ENTRY--TOPICAL TERM
Topical term or geographic name entry element Electric Measurements
942 ## - ADDED ENTRY ELEMENTS (KOHA)
Koha item type Book
Holdings
Withdrawn status Lost status Damaged status Not for loan Collection code Permanent Location Current Location Shelving location Date acquired Source of acquisition Cost, normal purchase price Total Checkouts Full call number Barcode Date last seen Date last checked out Price effective from Koha item type
          Central Library (CL) Central Library (CL) General Stacks 09/28/2016 Allied Book Company 473.76 1 621.37 PRA SEECS013507 10/07/2016 10/07/2016 09/28/2016 Book
© 2023 Central Library, National University of Sciences and Technology. All Rights Reserved.